000 00866nam a2200253Ia 4500
003 OSt
005 20220916110921.0
006 a|||||r|||| 00| 0
007 ta
008 220915b |||||||| |||| 00| 0 hin d
024 _a269413
037 _cTextbook
040 _bhin
_aARTS
_cARTS
041 _ahin
082 _aO15,1:g(K), L1;2
100 _aशर्मा, रामदत्त
245 0 _aसंस्कृत काव्यों में पशु-पक्षी
246 _aSanskṛut kāvyoan mean pashu-pakṣhī
260 _aजयपुर
_bदेवनागर प्रकाशन भारत
_c1971
300 _a184पण्
_ccm.
650 _aहिन्दी साहित्य
942 _hO15,1:g(K), L1;2
_cTB
_2CC
999 _c101318
_d101318